Economics for law (Record no. 396359)

MARC details
000 -LEADER
fixed length control field 00433 a2200181 4500
005 - DATE & TIME
control field 20260401115433.0
008 - FIXED-LENGTH DATA ELEMENTS--GENERAL INFORMATION
fixed length control field 260325b |||||||| |||| 00| 0 eng d
020 ## - ISBN
International Standard Book Number 9789371260381
Price Rs. 375.00
040 ## - CATALOGING SOURCE
Original cataloging agency VIVEKANANDA LIBRARY
082 ## - DDC NUMBER
Classification number 343.074
Book Number A89E
100 ## - MAIN ENTRY--PERSONAL NAME
Personal name Anu singh
245 ## - TITLE STATEMENT
Title Economics for law
260 ## - PUBLICATION, DISTRIBUTION, ETC. (IMPRINT)
Name of publisher, distributor, etc Taxmann Publications
Date of publication, distribution, etc 2025
Place of publication, distribution, etc New Delhi
300 ## - PHYSICAL DESCRIPTION
Pages v.
650 ## - Subject
Subject Law
650 ## - Subject
Subject Economic Law
942 ## - ADDED ENTRY ELEMENTS (KOHA)
Koha item type Books
Holdings
Withdrawn status Lost status Source of classification or shelving scheme Damaged status Not for loan Location (home branch) Sublocation or collection (holding branch) Shelving location Date acquired Koha issues (times borrowed) Koha full call number Accession No. Koha date last seen Koha item type
    Dewey Decimal Classification     VIVEKANANDA LIBRARY VIVEKANANDA LIBRARY Law Library 23/02/2026   343.074 A89E 378107 23/02/2026 Books
    Dewey Decimal Classification     VIVEKANANDA LIBRARY VIVEKANANDA LIBRARY Law Library 23/02/2026   343.074 A89E 378104 23/02/2026 Books
    Dewey Decimal Classification     VIVEKANANDA LIBRARY VIVEKANANDA LIBRARY Law Library 23/02/2026   343.074 A89E 378105 23/02/2026 Books
    Dewey Decimal Classification     VIVEKANANDA LIBRARY VIVEKANANDA LIBRARY Law Library 23/02/2026   343.074 A89E 378108 23/02/2026 Books
    Dewey Decimal Classification     VIVEKANANDA LIBRARY VIVEKANANDA LIBRARY Law Library 23/02/2026   343.074 A89E 378106 23/02/2026 Books
© Designed and Maintained by Vivekananda Library, MDU Rohtak